Indian rubber plantation industry: Genesis and development (Record no. 52956)

MARC details
000 -LEADER
fixed length control field 00512nam a2200133Ia 4500
100 ## - MAIN ENTRY--AUTHOR NAME
Personal name Thomas K.K.
245 #0 - TITLE STATEMENT
Title Indian rubber plantation industry: Genesis and development
260 ## - PUBLICATION, DISTRIBUTION, ETC. (IMPRINT)
Name of publisher In: Natural rubber: Agromanagement and crop processing. (Eds. P.J. George and C. Kuruvilla Jacob). Rubber Research Institute of India, Kottayam, India, pp.1-19.
Year of publication 2000
650 ## - SUBJECT ADDED ENTRY--TOPICAL TERM
Topical Term History
650 ## - SUBJECT ADDED ENTRY--TOPICAL TERM
Topical Term Rubber plantation industry
700 ## - ADDED ENTRY--PERSONAL NAME
Personal name Panikkar A.O.N.
942 ## - ADDED ENTRY ELEMENTS (KOHA)
Koha item type Bibliography STAF
Holdings
Withdrawn status Lost status Damaged status Not for loan Home library Current library Date acquired Koha item type
      Bibliography RRII Library RRII Library 09/04/2014 Bibliography STAF